<?xml version="1.0" encoding="UTF-8"?>
<record
    xmlns:xsi="http://www.w3.org/2001/XMLSchema-instance"
    xsi:schemaLocation="http://www.loc.gov/MARC21/slim http://www.loc.gov/standards/marcxml/schema/MARC21slim.xsd"
    xmlns="http://www.loc.gov/MARC21/slim">

  <leader>00381    a2200133   4500</leader>
  <controlfield tag="005">20250619123435.0</controlfield>
  <datafield tag="020" ind1=" " ind2=" ">
    <subfield code="a">9987-617-57-3</subfield>
  </datafield>
  <datafield tag="082" ind1=" " ind2=" ">
    <subfield code="a">658.403 NDU</subfield>
  </datafield>
  <datafield tag="100" ind1=" " ind2=" ">
    <subfield code="a">NDUNGURU, P. C.</subfield>
  </datafield>
  <datafield tag="245" ind1=" " ind2=" ">
    <subfield code="a">Econometrics: A Science for Noe-Experimental Data Analysis.</subfield>
  </datafield>
  <datafield tag="260" ind1=" " ind2=" ">
    <subfield code="a">Morogoro,</subfield>
    <subfield code="b">Research Information,</subfield>
    <subfield code="c">2007.</subfield>
  </datafield>
  <datafield tag="300" ind1=" " ind2=" ">
    <subfield code="a">xi, 237p.: ill.; table</subfield>
    <subfield code="b">Index</subfield>
    <subfield code="c">20cm</subfield>
  </datafield>
  <datafield tag="942" ind1=" " ind2=" ">
    <subfield code="2">ddc</subfield>
    <subfield code="c">BKS</subfield>
  </datafield>
  <datafield tag="999" ind1=" " ind2=" ">
    <subfield code="c">4423</subfield>
    <subfield code="d">4423</subfield>
  </datafield>
  <datafield tag="952" ind1=" " ind2=" ">
    <subfield code="r">2025-06-19 12:37:30</subfield>
    <subfield code="l">0</subfield>
    <subfield code="o">658.403 NDU</subfield>
    <subfield code="p">00000013189</subfield>
    <subfield code="v">143400.00</subfield>
    <subfield code="w">2025-06-19</subfield>
    <subfield code="y">BKS</subfield>
    <subfield code="1">0</subfield>
    <subfield code="2">ddc</subfield>
    <subfield code="4">0</subfield>
    <subfield code="7">0</subfield>
    <subfield code="0">0</subfield>
    <subfield code="a">CBEML</subfield>
    <subfield code="b">CBEML</subfield>
    <subfield code="c">GEN</subfield>
    <subfield code="d">2025-04-04</subfield>
    <subfield code="g">47800.00</subfield>
  </datafield>
  <datafield tag="952" ind1=" " ind2=" ">
    <subfield code="r">2025-06-19 12:37:30</subfield>
    <subfield code="l">0</subfield>
    <subfield code="o">658.403 NDU</subfield>
    <subfield code="p">00000013190</subfield>
    <subfield code="v">143400.00</subfield>
    <subfield code="w">2025-06-19</subfield>
    <subfield code="y">BKS</subfield>
    <subfield code="1">0</subfield>
    <subfield code="2">ddc</subfield>
    <subfield code="4">0</subfield>
    <subfield code="7">0</subfield>
    <subfield code="0">0</subfield>
    <subfield code="a">CBEML</subfield>
    <subfield code="b">CBEML</subfield>
    <subfield code="c">GEN</subfield>
    <subfield code="d">2025-04-04</subfield>
    <subfield code="g">47800.00</subfield>
  </datafield>
  <datafield tag="952" ind1=" " ind2=" ">
    <subfield code="r">2025-06-19 12:37:30</subfield>
    <subfield code="l">0</subfield>
    <subfield code="o">658.403 NDU</subfield>
    <subfield code="p">00000013191</subfield>
    <subfield code="v">143400.00</subfield>
    <subfield code="w">2025-06-19</subfield>
    <subfield code="y">BKS</subfield>
    <subfield code="1">0</subfield>
    <subfield code="2">ddc</subfield>
    <subfield code="4">0</subfield>
    <subfield code="7">0</subfield>
    <subfield code="0">0</subfield>
    <subfield code="a">CBEML</subfield>
    <subfield code="b">CBEML</subfield>
    <subfield code="c">GEN</subfield>
    <subfield code="d">2025-04-04</subfield>
    <subfield code="g">47800.00</subfield>
  </datafield>
  <datafield tag="952" ind1=" " ind2=" ">
    <subfield code="r">2025-06-19 12:37:30</subfield>
    <subfield code="l">0</subfield>
    <subfield code="o">658.403 NDU</subfield>
    <subfield code="p">00000013192</subfield>
    <subfield code="v">143400.00</subfield>
    <subfield code="w">2025-06-19</subfield>
    <subfield code="y">BKS</subfield>
    <subfield code="1">0</subfield>
    <subfield code="2">ddc</subfield>
    <subfield code="4">0</subfield>
    <subfield code="7">0</subfield>
    <subfield code="0">0</subfield>
    <subfield code="a">CBEML</subfield>
    <subfield code="b">CBEML</subfield>
    <subfield code="c">GEN</subfield>
    <subfield code="d">2025-04-04</subfield>
    <subfield code="g">47800.00</subfield>
  </datafield>
  <datafield tag="952" ind1=" " ind2=" ">
    <subfield code="r">2025-06-19 12:37:30</subfield>
    <subfield code="l">0</subfield>
    <subfield code="o">658.403 NDU</subfield>
    <subfield code="p">00000013193</subfield>
    <subfield code="v">143400.00</subfield>
    <subfield code="w">2025-06-19</subfield>
    <subfield code="y">BKS</subfield>
    <subfield code="1">0</subfield>
    <subfield code="2">ddc</subfield>
    <subfield code="4">0</subfield>
    <subfield code="7">0</subfield>
    <subfield code="0">0</subfield>
    <subfield code="a">CBEML</subfield>
    <subfield code="b">CBEML</subfield>
    <subfield code="c">GEN</subfield>
    <subfield code="d">2025-04-04</subfield>
    <subfield code="g">47800.00</subfield>
  </datafield>
  <datafield tag="952" ind1=" " ind2=" ">
    <subfield code="r">2025-06-19 12:37:30</subfield>
    <subfield code="l">0</subfield>
    <subfield code="o">658.403 NDU</subfield>
    <subfield code="p">00000013194</subfield>
    <subfield code="v">143400.00</subfield>
    <subfield code="w">2025-06-19</subfield>
    <subfield code="y">BKS</subfield>
    <subfield code="1">0</subfield>
    <subfield code="2">ddc</subfield>
    <subfield code="4">0</subfield>
    <subfield code="7">0</subfield>
    <subfield code="0">0</subfield>
    <subfield code="a">CBEML</subfield>
    <subfield code="b">CBEML</subfield>
    <subfield code="c">GEN</subfield>
    <subfield code="d">2025-04-04</subfield>
    <subfield code="g">47800.00</subfield>
  </datafield>
</record>
